Süper Lig’de 30 Gol Atan Futbolcular - Armageddon - Statistics

General Stats
  • This quiz has been taken 677 times
  • The average score is 5 of 50
Answers on the Grid
Answers color-coded by a green-red scale on the quiz's grid according to % correct below.
Hakan Şükür
Didier Drogba
Souleymane Youla
Ibrahim Yattara
Diego Lugano
Krzysztof Piątek
Ciro Immobile
Edin Džeko
Mauro Icardi
Rey Manaj
Dries Mertens
Edin Višća
Cenk Tosun
Mario Balotelli
Ayoub El Kaabi
Enner Valencia
Vincent Aboubakar
Robinho
Mevlüt Erdinç
Burak Yılmaz
Dirk Kuyt
Rodrigo Tello
Jay-Jay Okocha
Yevhen Seleznyov
Fabio Borini
Lamine Diarra
Ariel Ortega
Mehmet Aurélio
Rigobert Song
Arouna Koné
Bafétimbi Gomis
Ryan Donk
Gheorghe Hagi
Bruno Alves
Lucas Torreira
Martin Škrtel
Selçuk İnan
Vágner Love
Emmanuel Adebayor
Necati Ateş
Alexander Sørloth
Mert Nobre
Semih Şentürk
Harry Kewell
Stephen Appiah
Aaron Boupendza
Ryan Babel
Franck Ribéry
Nicolas Anelka
Joseph Yobo
Umut Bulut
Nordin Amrabat
Raul Meireles
Zdravko Lazarov
Pierre van Hooijdonk
John Carew
Felipe Melo
Dušan Tadić
Rıdvan Dilmen
Domagoj Vida
Gary Medel
Attila Szalai
Hami Mandıralı
Nuri Şahin
Bülent Korkmaz
Sergen Yalçın
Alpay Özalan
Fatih Tekke
Mário Jardel
Arif Erdem
Nigel de Jong
Serkan Aykut
Hakim Ziyech
Pascal Nouma
Hugo Almeida
Robin van Persie
Papiss Cissé
Bogdan Stancu
Lukas Podolski
Eren Derdiyok
Óscar Cardozo
Emmanuel Emenike
Demba Ba
Mateja Kežman
Ümit Karan
Gökdeniz Karadeniz
Filip Hološko
Deivid
Tuncay Şanlı
Alex de Souza
Gökhan Ünal
Shabani Nonda
Wesley Sneijder
Emre Belözoğlu
Ricardo Quaresma
Samuel Eto'o
Moussa Sow
Welliton
Milan Baroš
 
Answer Stats
Answer % Correct
Hakan Şükür
58%
Cenk Tosun
29%
Mauro Icardi
27%
Enner Valencia
25%
Burak Yılmaz
22%
Vincent Aboubakar
21%
Edin Džeko
18%
Ibrahim Yattara
17%
Bafétimbi Gomis
15%
Edin Višća
15%
Alex de Souza
13%
Semih Şentürk
13%
Necati Ateş
11%
Moussa Sow
10%
Arif Erdem
9%
Gheorghe Hagi
9%
Mert Nobre
9%
Selçuk İnan
9%
Tuncay Şanlı
9%
Ümit Karan
9%
Fatih Tekke
8%
Sergen Yalçın
8%
Emmanuel Emenike
7%
Rey Manaj
7%
Samuel Eto'o
7%
Umut Bulut
7%
Wesley Sneijder
7%
Milan Baroš
6%
Vágner Love
6%
Emre Belözoğlu
5%
Krzysztof Piątek
5%
Rıdvan Dilmen
5%
Ryan Babel
5%
Demba Ba
4%
Filip Hološko
4%
Hami Mandıralı
4%
Pierre van Hooijdonk
4%
Eren Derdiyok
3%
Gökhan Ünal
3%
Jay-Jay Okocha
3%
Bogdan Stancu
2%
Gökdeniz Karadeniz
2%
Hugo Almeida
2%
Papiss Cissé
2%
Souleymane Youla
2%
Arouna Koné
1%
Fabio Borini
1%
Lamine Diarra
1%
Serkan Aykut
1%
Zdravko Lazarov
1%
No matching quizzes found
Score Distribution
Percent of People with Each Score
Percentile by Number Answered
Your Score History
You have not taken this quiz